|
|
|
|
| LEADER |
00000nam2a2200000 4500 |
| 001 |
63096 |
| 005 |
20231101212037.0 |
| 035 |
|
|
|a (RuTPU)RU\TPU\book\66939
|
| 090 |
|
|
|a 63096
|
| 100 |
|
|
|a 20040429d1971 km y0rusy50 ca
|
| 101 |
0 |
|
|a rus
|
| 102 |
|
|
|a RU
|
| 105 |
|
|
|a a g 001zy
|
| 200 |
0 |
|
|a Ч. 2: Неорганические и элементорганические соединения
|
| 210 |
|
|
|d 1971
|
| 215 |
|
|
|a 619 с.
|c ил.
|
| 320 |
|
|
|a Библиография в конце разделов.
|
| 461 |
|
1 |
|0 (RuTPU)RU\TPU\book\66938
|t Вредные вещества в промышленности
|o Справочник для химиков, инженеров и врачей
|o В 2-х ч.
|f Под ред. Н. В. Лазарева
|v Ч. 2: Неорганические и элементорганические соединения
|e 6-е изд., испр.
|d 1971
|
| 606 |
1 |
|
|a Вредные вещества в промышленности
|2 stltpush
|3 (RuTPU)RU\TPU\subj\67688
|9 83397
|
| 610 |
1 |
|
|a вредные соединения
|
| 610 |
1 |
|
|a промышленность
|
| 610 |
1 |
|
|a неорганические соединения
|
| 610 |
1 |
|
|a элементоорганические соединения
|
| 610 |
1 |
|
|a химия
|
| 610 |
1 |
|
|a инертные газы
|
| 610 |
1 |
|
|a водород
|
| 610 |
1 |
|
|a азот
|
| 610 |
1 |
|
|a кислород
|
| 610 |
1 |
|
|a озон
|
| 610 |
1 |
|
|a перекись водорода
|
| 610 |
1 |
|
|a галогены
|
| 610 |
1 |
|
|a сера
|
| 610 |
1 |
|
|a селен
|
| 610 |
1 |
|
|a теллур
|
| 610 |
1 |
|
|a фосфор
|
| 610 |
1 |
|
|a мышьяк
|
| 610 |
1 |
|
|a углерод
|
| 610 |
1 |
|
|a сурьма
|
| 610 |
1 |
|
|a кремний
|
| 610 |
1 |
|
|a бор
|
| 610 |
1 |
|
|a магний
|
| 610 |
1 |
|
|a цинк
|
| 610 |
1 |
|
|a кадмий
|
| 610 |
1 |
|
|a ртуть
|
| 610 |
1 |
|
|a бериллий
|
| 610 |
1 |
|
|a алюминий
|
| 610 |
1 |
|
|a галлий
|
| 610 |
1 |
|
|a индий
|
| 610 |
1 |
|
|a таллий
|
| 610 |
1 |
|
|a титан
|
| 610 |
1 |
|
|a германий
|
| 610 |
1 |
|
|a цирконий
|
| 610 |
1 |
|
|a олово
|
| 610 |
1 |
|
|a свинец
|
| 610 |
1 |
|
|a ванадий
|
| 610 |
1 |
|
|a ниобий
|
| 610 |
1 |
|
|a тантал
|
| 610 |
1 |
|
|a висмут
|
| 610 |
1 |
|
|a хром
|
| 610 |
1 |
|
|a молибден
|
| 610 |
1 |
|
|a вольфрам
|
| 610 |
1 |
|
|a марганец
|
| 610 |
1 |
|
|a железо
|
| 610 |
1 |
|
|a кобальт
|
| 610 |
1 |
|
|a никель
|
| 610 |
1 |
|
|a медь
|
| 675 |
|
|
|a 620.4(035)
|v 3
|
| 675 |
|
|
|a 613.63(035)
|v 3
|
| 801 |
|
1 |
|a RU
|b 63413507
|c 20040429
|g PSBO
|
| 801 |
|
2 |
|a RU
|b 63413507
|c 20220422
|g PSBO
|
| 942 |
|
|
|c BK
|